| 000 | 00000nam##2200000za#4500 |
| 001 | 9.679320 |
| 003 | CaOODSP |
| 005 | 20250319165113 |
| 007 | ta |
| 008 | 150407|1994||||xxc||||| f|0| 0 fre|d |
| 020 | |a0-662-99428-0 |
| 040 | |aCaOODSP|bfre |
| 043 | |an-cn--- |
| 086 | 1 |aH72-21/121-1994F |
| 110 | 2 |aCentre national d'information sur la violence dans la famille (Canada) |
| 245 | 10|aConflit de générations et prévention des mauvais traitements envers les aînés : |brapport final présenté à Santé Canada / |cpar J. A. Tindale et al. |
| 260 | |aOttawa - Ontario : |bSanté Canada. |c1994. |
| 300 | |a14p. : |c28 cm. |
| 500 | |a«Les auteurs de ce rapport ont étudié la documentation portant sur les mauvais traitements infligés aux personnes âgées pour répondre à deux questions importantes. Se peut-il que l'évolution des rapports entre parents et enfants au cours de la vie de famille soit liée aux mauvais traitements que les enfants font subir à leurs parents âgés? Dans l'affirmative, existe-t-il des moyens de prévention auxquels les familles et praticiens peuvent recourir?»--Introduction. |
| 504 | |aBibliographie. |
| 520 | 3 |aLes auteurs de ce rapport ont étudié la documentation portant sur les mauvais traitements infligés aux personnes âgées pour répondre à deux questions importantes. Se peut-il que l'évolution des rapports entre parents et enfants au cours de la vie de famille soit liée aux mauvais traitements que les enfants font subir à leurs parents âgés? Dans l'affirmative, existe-t-il des moyens de prévention auxquels les familles et praticiens peuvent recourir?--Introduction |
| 563 | |aCouverture souple |
| 590 | |a94-47|b1994-11-25 |
| 691 | 07|aAîné|2gcpds |
| 691 | 07|aViolence familiale|2gcpds |
| 720 | 1 |aTindale, J. A. |
| 775 | 08|tIntergenerational conflict and the prevention of abuse against older persons : |w(CaOODSP)9.645672 |
| 776 | 0#|tConflit de générations et prévention des mauvais traitement envers les aînés : |w(CaOODSP)9.639687 |